<The> conscience of a liberal reclaiming America from the right

Gespeichert in:
Bibliographische Detailangaben
1. Verfasser: Krugman, Paul
Format: Buch
Sprache:Englisch
Veröffentlicht: London Allen Lane 2008
Schlagworte:
Tags: Tag hinzufügen
Keine Tags, Fügen Sie das erste Tag hinzu!

MARC

LEADER 00000nam$a2200000$$$4500
001 0090820
005 20240312115514.6
020 |a 978-1-8461-4107-2 
041 0 |a eng 
044 |a GB 
245 1 0 |a <The> conscience of a liberal  |b reclaiming America from the right  |c Paul Krugman 
264 1 |a London  |b Allen Lane  |c 2008 
300 |a 296 s. 
610 2 0 |a politika hospodárska 
610 2 0 |a politika 
610 2 0 |a história 
610 2 0 |a príjmy obyvateľstva 
610 2 0 |a nerovnosť 
610 2 0 |a demokracia 
610 2 0 |a liberalizmus 
610 2 0 |a riadenie hospodárske 
610 2 0 |a Amerika 
100 1 |a Krugman, Paul